| 000 | 01460nab a22002537a 4500 | ||
|---|---|---|---|
| 999 |
_c5539 _d5539 |
||
| 003 | OSt | ||
| 005 | 20251215151042.0 | ||
| 008 | 190429b xxu||||| |||| 00| 0 spa d | ||
| 040 | _cPJ | ||
| 100 |
_96520 _aRey, Eugenio |
||
| 245 | 1 | 0 |
_aReescribiendo el pasado. Crítica a la jurisprudencia de la Cámara Nacional de Casación en lo Criminal y Correccional en materia de unificaciones de condenas / _cEugenio Rey. |
| 260 |
_cCiudad Autónoma de Buenos Aires : _aThomson Reuters La Ley, _b2025. |
||
| 300 | _ap. 105-114 | ||
| 500 | _aCita: AR/DOC/177/2025. | ||
| 505 | _aSumario: I. Volver al futuro.— II. Un caso imaginario que de imaginario tiene poco.— III. Doctrina.— IV. Algunas decisiones de la Cámara nacional de Casación en lo Criminal y Correccional sobre la materia.— V. Tres problemas distintos.— VI. Conclusiones. | ||
| 505 | _tFallo comentado: Juzgado de Garantías Nro. 2 de Azul ~ 18/04/2024 ~ ..., J. C. s/ abuso sexual gravemente ultrajante y abuso sexual con acceso carnal agravado. | ||
| 505 | _tSi te interesa el texto completo, solicitalo a koha@justierradelfuego.gov.ar | ||
| 650 | 0 |
_9343 _aDERECHO PENAL |
|
| 650 | 0 |
_96489 _aUNIFICACION DE PENAS |
|
| 650 | 0 |
_94840 _aANTECEDENTES PENALES |
|
| 650 | 0 |
_95741 _aSENTENCIA CONDENATORIA |
|
| 773 | 0 |
_02658 _93164 _tRevista de derecho penal y criminología. Nº 2 - Marzo 2025 _dCiudad Autónoma de Buenos Aires : Thomson Reuters La Ley, 2017- _x00347914 |
|
| 942 |
_2udc _cANA |
||